000 02235nam a2200553 i 4500
001 34821
003 KOSZ 005
005 20200630102041.0
008 200417s1973 pl ab f 100 0 pol
015 _aUWD 1973/6497
035 _a991033774699705066
035 _a(PL-WaBN)b19037995-48omnis_nlop
035 _ab19037995
035 _a(OCoLC)839039099
035 _a(PL)b0000001903799
035 _a(EXLNZ-48OMNIS_NETWORK)9910061730005606
040 _aWA N
_cWA N
_dKOSZ 005/RW
041 0 _apol
_bger
_brus
046 _k1973
080 _a626/627
245 0 0 _aInfiltracyjne ujęcia wody :
_bmateriały na sesję naukową.
_nCz. 2,
_pTechniczne i ekonomiczne podstawy projektowania i eksploatacji infiltracyjnych ujęć wody /
_credakcja naukowa Artur Wieczysty.
246 3 0 _aTechniczne i ekonomiczne podstawy projektowania i eksploatacji infiltracyjnych ujęć wody
260 _aKraków :
_bWydawnictwo PK,
_c1973.
300 _aII, 300 stron :
_bilustracje, mapy ;
_c24 cm.
336 _aTekst
_btxt
_2rdacontent
337 _aBez urządzenia pośredniczącego
_bn
_2rdamedia
338 _aWolumin
_bnc
_2rdacarrier
380 _aKsiążki
380 _aPublikacje naukowe
388 _a1901-2000
388 _a1945-1989
490 1 _aZeszyt Naukowy / Politechnika Krakowska. Budownictwo Wodne i Inżynieria Sanitarna,
_x0137-1363 ;
_vz. 20
500 _aNumer serii głównej 1.
504 _aBibliografia przy referatach.
546 _aStreszczenia w języku rosyjskim i niemieckim.
650 7 _aHydrotechnika
_2DBN
650 7 _aUjęcia wody
650 7 _aProjektowanie
655 7 _aMateriały konferencyjne
_2DBN
658 _aGeografia i nauki o Ziemi
658 _aInżynieria i technika
700 1 _aWieczysty, Artur
_d(1929-2001)
_eRedakcja
710 2 _aWydawnictwo Politechniki Krakowskiej
_4pbl
830 0 _aZeszyt Naukowy - Politechnika Krakowska
_vnr 1
830 0 _aZeszyt Naukowy - Politechnika Krakowska.
_pBudownictwo Wodne i Inżynieria Sanitarna
_vz. 20
856 _uhttp://koha.tu.koszalin.pl/cgi-bin/koha/opac-detail.pl?biblionumber=34821
_yKatalog online BPK
942 _2UKD
_cKS
999 _c34821
_d34821